000
00300 a2200121 4500
005
20250615074758.0
082
_a
519.5 CBE
111
_a
College of Business Education
245
_a
Business Statistics Manual
260
_a
Dodoma,
300
_a
vii, 160o.; ill.; figure, table
_c
28cm
942
_2
ddc
_c
BKS
999
_c
4090
_d
4090